Skład Interu Mediolan vs Manchester City w finale LM 2023 - Statystyki

Ogólne statystyki
  • Ten quiz został rozwiązany 314 razy
  • Średni wynik to 6 z 11
Statystyki odpowiedzi
Numer Pozycja Zawodnik % Poprawnych
10 Napastnik Lautaro Martínez
94%
23 Środkowy pomocnik Nicolò Barella
75%
95 Środkowy obrońca Alessandro Bastoni
74%
24 Bramkarz André Onana
73%
32 Lewy pomocnik Federico Dimarco
67%
2 Prawy pomocnik Denzel Dumfries
56%
15 Środkowy obrońca Francesco Acerbi
54%
20 Środkowy pomocnik Hakan Çalhanoğlu
49%
9 Napastnik Edin Džeko
39%
36 Środkowy obrońca Matteo Darmian
32%
77 Środkowy pomocnik Marcelo Brozović
26%
Nie znaleziono quizów pasujących do podanych kryteriów
Rozkład punktacji
Procent ludzi z każdym wynikiem
Percentyl według liczby udzielonych odpowiedzi
Twoja historia wyników
Nie rozwiązałeś tego quizu